| 000 | 00771nam a2200253Ia 4500 | ||
|---|---|---|---|
| 003 | OSt | ||
| 005 | 20230412215130.0 | ||
| 008 | 191128s2009 ck a br 000 1 spa d | ||
| 020 | _a9789588314198 | ||
| 040 |
_aCO-JMCR _cCO-JMCR |
||
| 041 | 0 | _aspa | |
| 082 |
_aC / _bALAa |
||
| 245 | 0 | _aAladino / | |
| 260 |
_bToy Cantando, _aBogotá : _c2009 |
||
| 300 |
_a[30] páginas sin numerar : _bprincipalmente ilustraciones a color ; _c 12 cm. x 16 cm. |
||
| 440 |
_aLa cajita de los cuentos _91728 |
||
| 546 | _aspa | ||
| 650 |
_aCuentos infantiles _91729 |
||
| 650 |
_aLamparas en la literatura _91775 |
||
| 650 |
_aPrincesas en la literatura _91776 |
||
| 650 |
_aPrincesas en la literatura _91776 |
||
| 799 | _aRamírez M., Luís Enrique, director | ||
| 942 |
_2ddc _cBK |
||
| 999 |
_c3300 _d3300 |
||